Szczegóły MARC21

Niepowodzenia szkolne /

003 -Nazwa inst., której nr kontr. jest w polu 001 [,]
    • @
    • Nazwa instytucji, której n kontrolny jest w polu 001
    • NUKAT
005 -DATA I CZAS OSTATNIEJ MODYFIKACJI [,]
    • @
    • pole kontrolne
    • 20241231113856.0
020 -Międzynarod. znormalizowany nr książki - ISBN [ , ]
    • a
    • Numer ISBN
    • 8386994797 Find
040 -Instytucja sporządzająca opis [ , ]
    • a
    • Instytucja, która sporządziła opis (NP)
    • NUKAT
    • c
    • Instytucja, która sporządziła rekord (NP)
    • KR U/YNK
    • d
    • Instytucja, która zmodyfikowała rekord (P)
    • WA U/KR
    • d
    • Instytucja, która zmodyfikowała rekord (P)
    • WA U/ASZ
942 -Rodzaj dokumentu [ , ]
    • c
    • Rodzaj dokumentu
    • Książka
245 -Strefa tytułu i oznaczenia odpowiedzialności [0,0]
    • a
    • Tytuł
    • Niepowodzenia szkolne / Find
    • c
    • Pozostałe elementy strefy tytułu i oznaczenia odpowiedzialności (NP)
    • praca zespołowa pod red. Jana Łyska ; Wyższa Szkoła Edukacji Wczesnoszkolnej w Mysłowicach.
260 -Strefa adresu wydawniczego [ , ]
    • a
    • Miejsce wydania (P)
    • Kraków :
    • b
    • Nazwa wydawcy (P)
    • Impuls,
    • c
    • Data wydania (P)
    • 1998.
300 -Strefa opisu fizycznego [ , ]
    • a
    • Określenie formy książki i/lub objętość (NP)
    • 192 s. :
    • b
    • Oznaczenie ilustracji (NP)
    • wykr. ;
    • c
    • Format (NP)
    • 24 cm.
336 -Typ zawartości [ , ]
    • a
    • Termin opisujący typ zawartości
    • Tekst
    • b
    • Kod określający zawartość
    • txt
    • 2
    • Źródło (terminu i kodu)
    • rdacontent
337 -Typ mediów [ , ]
    • a
    • Tryb odtwarzania
    • Bez urządzenia pośredniczącego
    • b
    • Kod typu mediów
    • n
    • 2
    • Źródło (terminu i kodu)
    • rdamedia
338 -Typ/rodzaj nośnika [ , ]
    • a
    • Hasło opisujące typ nośnika
    • Wolumin
    • b
    • Kod typu nośnika
    • nc
    • 2
    • Źródło (terminu i kodu)
    • rdacarrier
490 -Strefa serii i książki wielotomowej - forma nie do wyszukiwania [1, ]
    • a
    • Tytuł (P)
    • Praca Naukowa / Wyższa Szkoła Edukacji Wczesnoszkolnej z siedzibą w Mysłowicach ; Find
    • v
    • Numeracja (P)
    • nr 2
830 -Hasło dodatkowe serii i opisu książki wielotomowej - tytuł ujednolicony/tytuł [ ,0]
    • a
    • Tytuł ujednolicony/tytuł (NP)
    • Praca Naukowa - Wyższa Szkoła Edukacji Wczesnoszkolnej w Mysłowicach
    • v
    • Oznaczenie tomu (NP)
    • nr 2
    • 9
    • KHW
    • 554647
500 -Uwaga ogólna [ , ]
    • a
    • Uwaga ogólna (NP)
    • Bibliogr. przy rozdz.
080 -Uniwersalna Klasyfikacja Dziesiętna [ , ]
    • a
    • Symbol klasyfikacji
    • 373.3
    • 9
    • UKD
    • 3894
    • 2
    • Identyfikator wydania tablic
    • UDC-P058
    • b
    • Dopowiedzenie
    • Szkolnictwo podstawowe.
080 -Uniwersalna Klasyfikacja Dziesiętna [ , ]
    • a
    • Symbol klasyfikacji
    • :159.942-053.2
080 -Uniwersalna Klasyfikacja Dziesiętna [ , ]
    • a
    • Symbol klasyfikacji
    • :615.85-053.2
650 -Hasło przedmiotowe [ ,7]
    • a
    • Hasło przedmiotowe
    • Niepowodzenie szkolne.
    • 2
    • Źródło terminu
    • kaba
    • 9
    • KHW
    • 121396
650 -Hasło przedmiotowe [ ,7]
    • a
    • Hasło przedmiotowe
    • Dzieci mające trudności w uczeniu się.
    • 2
    • Źródło terminu
    • kaba
    • 9
    • KHW
    • 106924
650 -Hasło przedmiotowe [ ,7]
    • a
    • Hasło przedmiotowe
    • Trudności w uczeniu się.
    • 2
    • Źródło terminu
    • kaba
    • 9
    • KHW
    • 133872
650 -Hasło przedmiotowe [ ,7]
    • a
    • Hasło przedmiotowe
    • Trudności w matematyce.
    • 2
    • Źródło terminu
    • kaba
    • 9
    • KHW
    • 133871
980 -Symbol UKD [ , ]
    • a
    • UKD
    • 373.3:159.942-053.2:615.85-053.2
700 -Hasło dodatkowe - nazwa osobowa [1, ]
    • a
    • Nazwa osobowa (NP)
    • Łysek, Jan Find
    • c
    • Dopowiedzenie inne niż daty biograficzne (NP)
    • (pedagog).
    • e
    • Określenie rodzaju współpracy
    • Red.
    • 9
    • KHW
    • 259305
710 -Hasło dodatkowe - nazwa ciała zbiorowego [2, ]
    • a
    • Nazwa ciała zbiorowego lub nazwa geograficzna jako pierwszy element (NP)
    • Oficyna Wydawnicza Impuls.
    • 4
    • Kod relacji
    • pbl
    • 9
    • KHW
    • 52864
920 -ISBN [ , ]
    • a
    • ISBN
    • 83-86994-79-7 Find
Lokalizacja Data inwentaryzacji Status udost. Numer inwentarzowy
BG1999-08-31-3Pd.12715
BG1999-08-311Pd.12714